000
00304nam a2200109Ia 4500
008
220624s9999 xx 000 0 und d
020
_a
1 8681 9192 3
082
_a
AJF JOU
100
_a
Joubert, Junita
_9
107634
245
0
_a
NIEK SIEN ALLES RAAK
942
_c
BK
_w
561
_x
John Tresidder
_y
_z
CRON CRON
999
_c
686849
_d
686848